Statistiques concernant Culture Générale - Série 313

Cliquez ici pour prendre le quiz!

Statistiques générales

  • Ce quiz a été pris 71 fois
  • Le résultat moyen est 8 sur 10

Statistiques - réponses

QuestionRéponse% Correct
De quel pays Andréas Papandréou a-t-il été à deux reprises le Premier ministre ?La Grèce
94%
Quel sport olympique comporte une discipline dite gréco-romaine ?La lutte
93%
Où s'inscrit-on sur les listes électorales en France ?En mairie
91%
Quelle monnaie avait cours en Italie avant l'avènement de l'euro ?La lire
87%
Quel fleuve prend sa source au mont Gerbier-de-Jonc ?La Loire
84%
Que signifie "thalassa" en grec ancien ?La mer
84%
Dans laquelle des vingt régions d'Italie se trouve la ville de Milan ?La Lombardie
73%
Dans quel sport Olivier Panis s'est-il illustré entre 1994 et 2004 ?La Formule 1
67%
Quel est l'instrument de prédilection du barde Assurancetourix ?La lyre
67%
A quel personnage de publicité est associé le "C'est ben vrai, ça" ?La mère Denis
40%

Distribution des résultats

Percentile par nombre de réponses

% des personnes avec chaque résultat

Votre développement - résultats

Vous n’avez pas pris ce quiz